Estudio de pre factibilidad para la creación de una Residencia Estudiantil en el Distrito l de la Ciudad de Managua
Presenta el estudio de pre factibilidad para la creación de una residencia estudiantil en el distrito 1 de la Ciudad de Managua, permite manifestar datos e información de importancia para tomar la decisión de invertir o no en la creación de la residencia estudiantil. Por medio del estudio de mer...
| Main Authors: | , , |
|---|---|
| Other Authors: | |
| Format: | Tesis Section = Libro |
| Language: | Undetermined Spanish |
| Published: |
Managua
UNI
2017
|
| Subjects: |
| LEADER | 01298nam a2200277Ia 4500 | ||
|---|---|---|---|
| 008 | 240830s9999 xx 000 0 und d | ||
| 040 | |a BIBLIOTECA-RUPAP Mon 658.404 C227 | ||
| 041 | |a spa | ||
| 082 | |a Mon 658.404 C227 | ||
| 100 | 1 | |a Cano Rojas, Neffer Uberne | |
| 100 | 1 | |b Collado Gurdián, Katherinne Melissa | |
| 100 | 1 | |c Narváez Ortiz, Franklin José | |
| 245 | 1 | 0 | |a Estudio de pre factibilidad para la creación de una Residencia Estudiantil en el Distrito l de la Ciudad de Managua |
| 260 | |a Managua |b UNI |c 2017 | ||
| 300 | |a 170 p. :il. | ||
| 500 | |a Contiene: anexos y CD. | ||
| 502 | |a Tesis (Ingeniero de Sistemas)- UNI, 2017. | ||
| 520 | 3 | |a Presenta el estudio de pre factibilidad para la creación de una residencia estudiantil en el distrito 1 de la Ciudad de Managua, permite manifestar datos e información de importancia para tomar la decisión de invertir o no en la creación de la residencia estudiantil. Por medio del estudio de mercado se determinó el precio el cual se vende el servicio ofrecido. | |
| 650 | 7 | |a ESTUDIOS DE FACTIBILIDAD | |
| 650 | 7 | |b RESIDENCIA ESTUDIANTIL-PROYECTOS | |
| 650 | 7 | |c MERCADO Y OFERTAS | |
| 650 | 7 | |d ESTUDIO FINANCIERO | |
| 700 | 1 | |a Tutor: |b Orozco Miranda, Hazzely del Carmen | |
| 942 | |c BK |2 ddc | ||
| 991 | |a TESIS | ||
| 999 | |c 17328 | ||